000 00509nam a2200193 a 4500
001 1766296075699
003 YourLibrary
005 20251221111916.0
008 251221s2006##################000#0#eng##
020 _a9781403992383
082 0 4 _a616.860
_bKIR
100 1 _aKirke, Deirdre M.,
_eauthor.
245 1 0 _aTeenagers and Substance Use :
260 _bPalgrave Macmillan,
_c2006.
300 _a216 pages
650 0 _aSocial Science.
942 _cENGLISH
040 _aYourLibrary
_beng
_cYourLibrary
999 _c603338
_d603338